000 00719nam a2200229Ia 4500
003 OSt
005 20240509145232.0
008 210716s1996 xx 000 0 und d
020 _a00814403514
040 _cAIMIT LIBRARY
041 _aeng
082 _a374.22
_21
_bMARJ
100 _aMartin, James.
_9163973
245 _aCybercorp: new business revolution :
_bnew business revolution /
_cBy James Martin.
250 _a1st ed.
260 _aNew York :
_bAmerical Management Association ,
_c1996.
300 _aix,326p. ;
_bPB
_c23 cm
650 _aIntroduction
_9163974
650 _aCharacteristics of the cybercorp
_9163975
650 _aPeople and management
_9163976
942 _2ddc
_cBK
_e1st ed
_k374.22 MARJ
999 _c202464
_d202464